000 00815nam a2200169Ia 4500
008 090711s9999 xx 000 0 und d
082 _b51047
100 _aतांदळे ज्ञानेश्वर
245 _aश्री शंकर महाराज (अद्भूत Sारित्र व अलौकिक उपदेश)
260 _c1985
300 _a225
600 _aतांदळे ज्ञानेश्वर
630 _aश्री शंकर महाराज (अद्भूत Sारित्र व अलौकिक उपदेश)
700 _aतांदळे ज्ञानेश्वर
730 _aश्री शंकर महाराज (अद्भूत Sारित्र व अलौकिक उपदेश)
942 _cBOOK
999 _c282389
_d282389